|
|
|
|
| LEADER |
00000nam0a2200000 4500 |
| 001 |
129119 |
| 005 |
20240815163948.0 |
| 010 |
|
|
|a 5239003009
|
| 035 |
|
|
|a (RuTPU)RU\TPU\book\139723
|
| 090 |
|
|
|a 129119
|
| 100 |
|
|
|a 20080120d1989 m y0rusy5003 ca
|
| 101 |
1 |
|
|a rus
|c fre
|
| 102 |
|
|
|a RU
|
| 105 |
|
|
|a y z 000ay
|
| 200 |
1 |
|
|a Грех господина Антуана
|e Роман, новеллы, повесть : Пер. с фр.
|f Ж. Санд
|g сост. Ю. Я. Яхнина
|
| 210 |
|
|
|a Москва
|c Московский рабочий
|d 1989
|
| 215 |
|
|
|a 542,[2] с.
|d 22 см
|
| 225 |
1 |
|
|a Библиотека Московского рабочего
|
| 327 |
1 |
|
|a Содерж.: Грех господина Антуана: Роман; Чертово болото: Повесть; Новеллы: Мельхиор; Кора
|
| 606 |
1 |
|
|a Французская литература
|x Произведения
|9 81252
|
| 610 |
1 |
|
|a художественная литература
|
| 610 |
1 |
|
|a романы
|
| 610 |
1 |
|
|a повести
|
| 610 |
1 |
|
|a новеллы
|
| 675 |
|
|
|a 84
|v 4
|
| 700 |
|
1 |
|a Санд
|b Ж.
|c французская писательница
|c настоящее имя и фамилия Аврора Дюпен
|f 1804-1876
|g Жорж
|3 (RuTPU)RU\TPU\pers\9277
|9 1832
|
| 702 |
|
1 |
|a Яхнина
|b Ю. Я.
|4 220
|
| 801 |
|
0 |
|a RU
|b RuMRKP
|c 19950417
|g psbo
|
| 801 |
|
1 |
|a RU
|b 63413507
|c 20080120
|g PSBO
|
| 801 |
|
2 |
|a RU
|b 63413507
|c 20080120
|g PSBO
|
| 942 |
|
|
|c BK
|